LEADER 01408nam2-2200457---450- 001 990000983550203316 005 20090703160721.0 010 $a88-14-01363-2 035 $a0098355 035 $aUSA010098355 035 $a(ALEPH)000098355USA01 035 $a0098355 100 $a20020225d1987----km-y0itay0103----ba 101 $aita 102 $aIT 105 $a||||||||001yy 200 1 $a<> spesa pubblica$fa cura di Giorgio Brosio$gtesti di Pier Vincenzo Bondonio...$v2 210 $aMilano$cGiuffré$d1987 215 $aXII, 634 p.$d25 cm 410 $12001 461 1$10010098338$12001$aTrattato di economia politica 606 0 $aEconomia$xSaggi 606 0 $aBilancio pubblico$xSaggi 676 $a330.08 702 1$aFORTE,$bFrancesco 702 $aBROSIO,$bGiorgio 702 $aBONDONIO$bVincenzo 801 0$aIT$bsalbc$gISBD 912 $a990000983550203316 951 $a330.08 spe 1 (330.08 TRA/II)$b64007 EC$c330.08 spe 1 (330.08)$d00235699 959 $aBK 969 $aECO 979 $aPATTY$b90$c20020225$lUSA01$h1325 979 $aPATTY$b90$c20020225$lUSA01$h1330 979 $aPATTY$b90$c20020225$lUSA01$h1332 979 $aPATTY$b90$c20020225$lUSA01$h1334 979 $c20020403$lUSA01$h1740 979 $aPATRY$b90$c20040406$lUSA01$h1708 979 $aRSIAV1$b90$c20090703$lUSA01$h1607 996 $aSpesa pubblica$9578165 997 $aUNISA LEADER 02077nam 2200601 450 001 9910480436503321 005 20201204073100.0 010 $a1-4704-6247-8 035 $a(CKB)4100000011437208 035 $a(MiAaPQ)EBC6346630 035 $a(PPN)250910209 035 $a(EXLCZ)994100000011437208 100 $a20201204d2020 uy 0 101 0 $aeng 135 $aurcnu|||||||| 181 $ctxt$2rdacontent 182 $cc$2rdamedia 183 $acr$2rdacarrier 200 10$aGlobal smooth solutions for the inviscid SQG equation /$fAngel Castro, Diego Co?rdoba, Javier Go?mez-Serrano 210 1$aProvidence, Rhode Island :$cAmerican Mathematical Society,$d[2020] 210 4$d©2020 215 $a1 online resource (102 pages) 300 $a"Forthcoming, volue 266, number 1292." 311 $a1-4704-4214-0 320 $aIncludes bibliographical references. 606 $aFluid dynamics$xMathematical models 606 $aInviscid flow 606 $aFlows (Differentiable dynamical systems) 606 $aFluid mechanics 606 $aSmoothness of functions 606 $aGeostrophic currents$xMathematical models 606 $aInterval analysis (Mathematics) 606 $aDifferential equations, Nonlinear$xNumerical solutions 608 $aElectronic books. 615 0$aFluid dynamics$xMathematical models. 615 0$aInviscid flow. 615 0$aFlows (Differentiable dynamical systems) 615 0$aFluid mechanics. 615 0$aSmoothness of functions. 615 0$aGeostrophic currents$xMathematical models. 615 0$aInterval analysis (Mathematics) 615 0$aDifferential equations, Nonlinear$xNumerical solutions. 676 $a620.1064 700 $aCastro$b Angel$f1982-$0982398 702 $aGomez-Serrano$b Javier$f1985- 702 $aCo?rdoba Gazolaz$b Diego$f1971- 801 0$bMiAaPQ 801 1$bMiAaPQ 801 2$bMiAaPQ 906 $aBOOK 912 $a9910480436503321 996 $aGlobal smooth solutions for the inviscid SQG equation$92242197 997 $aUNINA LEADER 03791oam 2200745 c 450 001 9910971227303321 005 20260302090207.0 010 $a3-657-78853-0 024 7 $a10.30965/9783657788538 035 $a(CKB)4330000000532830 035 $a(OCoLC)1003047000 035 $a(nllekb)BRILL9783657788538 035 $a(MiAaPQ)EBC6517400 035 $a(Au-PeEL)EBL6517400 035 $a(OCoLC)1243536939 035 $a(Brill | Scho?ningh)9783657788538 035 $a(Brill | Schöningh)9783657788538 035 $a(EXLCZ)994330000000532830 100 $a20260302d2019 uy 0 101 0 $ager 135 $aurun####uuuua 181 $ctxt$2rdacontent 182 $cc$2rdamedia 183 $2rdacarrier 200 10$aKonrad Adenauer ? Der Vater, die Macht und das Erbe$eDas Tagebuch des Monsignore Paul Adenauer 1961?1966$fHanns Jürgen Küsters, Paul Adenauer, Hanns Jürgen Küsters 205 $a1st ed. 210 $aPaderborn$cBrill | Schöningh$d2019 215 $a1 online resource 311 08$a3-506-78853-1 320 $aIncludes bibliographical references and index. 327 $tPreliminary Material /$rHanns Jürgen Küsters --$tVorwort /$rHanns Jürgen Küsters --$tEinführung /$rHanns Jürgen Küsters --$tKonrad Adenauer und Paul Adenauer /$rHanns Jürgen Küsters --$tDas Tagebuch von Paul Adenauer /$rHanns Jürgen Küsters --$tAbkürzungsverzeichnis /$rHanns Jürgen Küsters --$tQuellen- und Literaturverzeichnis /$rHanns Jürgen Küsters --$tNachweis der Abbildungen /$rHanns Jürgen Küsters --$tPersonenregister /$rHanns Jürgen Küsters --$tSachregister /$rHanns Jürgen Küsters. 330 $aDas jüngst erst entdeckte Tagebuch Paul Adenauers gibt neue, unbekannte Einblicke in die Politik seines Vaters Konrad Adenauer in der Endphase seiner Zeit als Kanzler und CDU-Parteivorsitzender.Nach dem Mauerbau und der Bundestagwahl im Jahr 1961 tobt ein heftiger Streit um Adenauers vierte Kanzlerwahl. Sein Sohn beobachtet während dieser Zeit den Vater zu Hause in Rhöndorf. Er beschreibt das Ringen mit Ludwig Erhard als Nachfolger um Kanzleramt und CDU-Parteivorsitz. Damit wird der Sohn zum Zeitzeugen und Chronisten des allmählichen Machtverlustes. Zermürbt vom Zwist mit der FDP, liebäugelt Adenauer mit der SPD; mit der eigenen Partei geht er hart ins Gericht. Wahlen lassen Adenauers Kampfgeist immer wieder aufflackern. Es gilt, Kurs zu halten in den Krisen der europäischen Einigung, in dem Verhältnis zu de Gaulle und dem transatlantischen Streit um die deutsche Atompolitik. Aber auch der gesellschaftliche Wandel und das materialistische Denken treiben ihn um. Adenauers Sorge gilt dem politischen Erbe, das der Gründungskanzler Deutschland hinterlassen will. 606 $aAtomwaffen 606 $aCDU 606 $adeutsch-französische Beziehungen 606 $aeuropäische Einigung 606 $aFDP 606 $aUSA 606 $aKoalitionsbildung 606 $aOst-West-Konflikt 606 $aSowjetunion 606 $atransatlantische Beziehungen 606 $aKirchen 615 4$aAtomwaffen 615 4$aCDU 615 4$adeutsch-französische Beziehungen 615 4$aeuropäische Einigung 615 4$aFDP 615 4$aUSA 615 4$aKoalitionsbildung 615 4$aOst-West-Konflikt 615 4$aSowjetunion 615 4$atransatlantische Beziehungen 615 4$aKirchen 676 $a943.087092 700 $aKüsters$b Hanns Jürgen$4aut$01835983 702 $aAdenauer$b Paul$4aut 702 $aKüsters$b Hanns Jürgen$4edt 801 0$bMiAaPQ 801 1$bMiAaPQ 801 2$bMiAaPQ 906 $aBOOK 912 $a9910971227303321 996 $aKonrad Adenauer - Der Vater, die Macht und das Erbe$94413596 997 $aUNINA